000 02369nam a2200205 a 4500
001 000045894
005 20240226184457.0
008 150526s2015 dr 000 0 spa d
020 _a9789945492668
040 _aDO-SdBNP
_bspa
_cBNPHU
082 _axxxx
_bxxxx
245 0 0 _aMemoria :
_bPremio Internacional Pedro Henríquez Ureña 2014 otorgado al poeta nicaragüense Ernesto Crdenal y al escritor uruguayu Eduardo Galeando /
_ccompilador, editor Luis O. Brea Franco ; prólogo Luis O. Brea Franco.
260 _aSanto Domingo :
_bMinisterio de Cultura,
_bNacional,
_c2015.
300 _a159 p. :
_bil. ;
_c23 cm.
500 _aIncluye referencias bibliográficas y notas al pie de las páginas.
504 _aBibliografía p. 155-156
505 0 _aPalabras del honorable señor ministro de cultura de la República Dominicana José Antonio Rodríguez, en el acto de entrega del Premio Internacional Pedro Henríquez Ureña, 24 de abril de 2014 --
_tDictamen Premio Internacional Pedro Henríquez Ureña que se otorga al escritor nicaragüense Ernesto Crdenal --
_tDictamen Premio Internacional Pedro Henríquez Ureña que se otorga al escritor uruguayo Ernesto Crdenal --
_tLección magistral del galardonado Ernesto Cardenal --
_tColoquio José Emilio Pacheco --
_tJosé Emilio Pacheco, tiempo de poesía y poesía de tiempo /
_rLiliana Weinberg --
_tUsted se enteró de lejos: La problemática del autor y la autoridad en morirás lejos de José Emilio Pacheco /
_rRamón Victoriano-Martínez --
_tColoquio Pedro Henríquez Ureña
_rPedro Henríquez Ureña: La historia de la cultura en cuanto campo de batalla /
_rRafael Mondragón --
_tPedro Henríquez Ureña ¿entre primicias y olvidos? /
_rSherezada (Chiqui) Vicioso --
_tPedro Henríquez Ureña y la práctica de la crítica musical /
_rBerenice Villagómez --
_tColoquio sobre la obra de Galeano /
_tDisertación sobre la obra de Galeano: El derecho a la palabra. Eduardo Galeano y la América Latina del siglo XXI /
_rJorge Carlos Guerrero --
_tColoquio sobre la obra de Ernesto Cardenal --
_tEl sustrato espiritual de la poesía moderna /
_rJosé Luis Vega --
_tLa poesía es un estado de la materia: poesía beatnik y misticismo científico en el Canto Cósmico, de Ernesto Cardenal /
_rElidio la Torre Lagares , PH. D.
586 _aPremio Internacional Pedro Henríquez Ureña
700 1 2 _aBrea Franco, Luis O.
_ecomp.
_97125
999 _c45383
_d45383